• 首页
  • 本馆介绍
  • 公告通知
  • 最新文献
  • 馆藏检索
  • 电子资源
  • 读者导购
  • 参考咨询
  • 我的图书馆
  • 登录
  • 详细信息显示
  • 放入我的书架
  • 预约/预借图书
  • 作者相关作品
  • 分类相关作品
  • 丛书相关作品
  • 出版社相关作品

书目信息

  • 表格格式
  • 工作单格式
  • 卡片格式
题名:
雨水利用与水资源研究
    
 
作者: 刘昌明 , 李丽娟 主编
分册:  
出版信息: 北京   气象出版社  2001
页数: 119页
开本: 26cm
丛书名:
单 册:
中图分类: TV211-53 , P426.62-53
科图分类:
主题词: 降雨--水资源利用--文集 , CT--S038390--降雨 , CT--S903589--水资源利用 , 水资源--文集 , CT--S070622--水资源
电子资源:
ISBN: 7-5029-3149-X
000 01433nam0 2200409 450
000 01396nam0 2200397 450
000 01359nam0 2200385 450
000 01323nam0 2200373 450
000 01323nam0 2200385 450
000 01269nam0 2200361 450
000 01196nam0 2200337 450
000 01159nam0 2200325 450
000 01121nam0 2200313 45
001 012002012439
005 20070729095935.98
010    @a7-5029-3149-X@dCNY16.00
035    @a(011001)c2002006337
100    @a20020205d2001 em y0chiy0110 ea
101 0  @achi
102    @aCN@b110000
105    @ay z 000yy
200 1  @a雨水利用与水资源研究@9yu shui li yong yu shui zi yuan yan jiu@f刘昌明,李丽娟主编
210    @a北京@c气象出版社@d2001
215    @a119页@d26cm
330    @a本书收集了“第三届全国雨水利用学术研讨会暨中国科学院水问题联合研究中心2000年学术年会”论文21篇。主要内容包括:雨水利用与雨水资源化的理论、技术实践;生态环境需水量的研究;水文参数尺度转换的研究;气候变化和土地利用对区域水文与水资源的影响。
606 0  @a降雨@x水资源利用@j文集
606 0  @2CT@3S038390@a降雨
606 0  @2CT@3S903589@a水资源利用
606 0  @a水资源@j文集
606 0  @2CT@3S070622@a水资源
690    @aTV211-53@v4
690    @aP426.62-53@v4
701  0 @a刘昌明@9liu chang ming@4主编
701  0 @a李丽娟@9li li juan@4主编
801  0 @aCN@bTSSF@c20070729
905    @a10447@dP426.62-53@e62
    
    雨水利用与水资源研究/刘昌明,李丽娟主编.-北京:气象出版社,2001
    119页;26cm
    
    
    ISBN 7-5029-3149-X:CNY16.00
    本书收集了“第三届全国雨水利用学术研讨会暨中国科学院水问题联合研究中心2000年学术年会”论文21篇。主要内容包括:雨水利用与雨水资源化的理论、技术实践;生态环境需水量的研究;水文参数尺度转换的研究;气候变化和土地利用对区域水文与水资源的影响。
●
相关链接 在E读中查询图书 在五车中查询图书 在当当中查询图书 在豆瓣中查询图书


正题名:雨水利用与水资源研究     索取号:P426.62-53/62         预约/预借

序号 登录号 条形码 馆藏地/架位号 状态 备注
1 0784876   207848766   第三借阅区/ [索取号:P426.62-53/62] 在馆    
2 0785277   207852778   第二样本阅览室/ [索取号:P426.62-53/62] 在馆    
3 0785278   207852787   第三借阅区/ [索取号:P426.62-53/62] 在馆    
欢迎您!
大连网信软件有限公司© 版权所有